[Event "ZMDI-Open 2013"]
[Site "Dresden"]
[Date "2013.08.11"]
[Round "2"]
[White "Blübaum, M."]
[Black "Petzold, G."]
[Result "1-0"]
[WhiteElo "2513"]
[BlackElo "2238"]
[PlyCount "103"]
[EventDate "2013.??.??"]

1. d4 d5 2. c4 e6 3. Nf3 Nf6 4. g3 dxc4 5. Bg2 Bb4+ 6. Bd2 c5 7. dxc5 Bxc5 8.
Qa4+ Bd7 9. Qxc4 Qb6 10. e3 Bb5 11. Qb3 Nbd7 12. Nc3 Bc6 13. Qc2 Bb4 14. O-O
O-O 15. a3 Bxc3 16. Bxc3 Be4 17. Qe2 Rfc8 18. Rac1 Bd5 19. Nd2 Bxg2 20. Kxg2 e5
21. e4 Qe6 22. Rfd1 Rc6 23. f3 Rac8 24. Nf1 Nb6 25. Ne3 Na4 26. Nd5 Nxc3 27.
Rxc3 Rxc3 28. Nxc3 Qb6 29. Qf2 Qxf2+ 30. Kxf2 Kf8 31. Rd2 a6 32. Rd6 Rc7 33.
Ke3 Ke8 34. a4 Nd7 35. f4 exf4+ 36. gxf4 Rc5 37. e5 g5 38. Ne4 gxf4+ 39. Kxf4
Rc2 40. Rh6 Rxb2 41. Rxh7 Nf8 42. Nd6+ Kd8 43. Rxf7 Rf2+ 44. Ke4 Rxf7 45. Nxf7+
Ke7 46. Nd6 Nd7 47. Nxb7 Ke6 48. Nd8+ Ke7 49. Nc6+ Ke6 50. Nd4+ Ke7 51. a5 Nc5+
52. Kd5 1-0

[Event "ZMDI-Open 2013"]
[Site "Dresden"]
[Date "2013.08.11"]
[Round "2"]
[White "Donchenko, A."]
[Black "Bogomolow, S."]
[Result "1-0"]
[WhiteElo "2476"]
[BlackElo "2206"]
[PlyCount "67"]
[EventDate "2013.??.??"]

1. d4 Nf6 2. c4 e6 3. g3 d5 4. Nf3 dxc4 5. Bg2 a6 6. O-O Nc6 7. Nc3 Rb8 8. e4
Be7 9. Qe2 O-O 10. Qxc4 Na5 11. Qe2 b5 12. Bf4 Bb7 13. a3 Nh5 14. Be3 f5 15.
Rad1 fxe4 16. Nd2 Nf6 17. Ndxe4 Nd5 18. Bc1 Nb3 19. Nc5 Nxc3 20. Qxe6+ Kh8 21.
Nxb7 Nxd4 22. Nxd8 Nce2+ 23. Kh1 Nxe6 24. Nxe6 Rf6 25. Nxc7 Bc5 26. Be3 Bxe3
27. fxe3 Rh6 28. Rf3 g5 29. g4 Rc8 30. Rf7 Ng3+ 31. Kg1 Ne2+ 32. Kf2 Rxh2 33.
Rh1 Rxh1 34. Bxh1 1-0

[Event "ZMDI-Open 2013"]
[Site "Dresden"]
[Date "2013.08.11"]
[Round "2"]
[White "Holm, S."]
[Black "Pancevski, F."]
[Result "0-1"]
[WhiteElo "2256"]
[BlackElo "2484"]
[PlyCount "60"]
[EventDate "2013.??.??"]

1. d4 g6 2. e4 Bg7 3. Nc3 d6 4. Nf3 a6 5. Be2 b5 6. a3 Bb7 7. O-O Nd7 8. h3 e6
9. Bg5 Ne7 10. Qd3 h6 11. Bh4 O-O 12. Rfe1 g5 13. Bg3 f5 14. Rad1 Nf6 15. exf5
exf5 16. Nd2 Qd7 17. Nb3 Rae8 18. f3 Nh5 19. Bf2 g4 20. fxg4 Nf4 21. Qg3 Nxg2
22. Rf1 f4 23. Qh2 Nd5 24. Qxg2 Rxe2 25. Nxd5 f3 26. Qg3 Bxd5 27. Nd2 Bxd4 28.
Qh4 Qg7 29. c3 Bf6 30. Qh5 Re5 0-1

[Event "ZMDI-Open 2013"]
[Site "Dresden"]
[Date "2013.08.11"]
[Round "2"]
[White "Barthel, A."]
[Black "Das, A."]
[Result "1/2-1/2"]
[WhiteElo "2244"]
[BlackElo "2469"]
[PlyCount "62"]
[EventDate "2013.??.??"]

1. e4 e6 2. d4 d5 3. Nc3 Bb4 4. e5 Ne7 5. Nf3 c5 6. dxc5 Nd7 7. Bd3 Nc6 8. O-O
Ndxe5 9. Nxe5 Nxe5 10. Bf4 Bxc3 11. bxc3 Nxd3 12. cxd3 O-O 13. Bd6 Re8 14. d4
Bd7 15. Rb1 b6 16. f4 Bc6 17. Rb2 Qd7 18. Qh5 f6 19. Re1 Bb5 20. Re3 Bc4 21.
Rh3 g6 22. Qh4 Qf7 23. g4 Rad8 24. g5 fxg5 25. Qxg5 Rd7 26. Be5 Qf5 27. Qxf5
exf5 28. c6 Rde7 29. a4 Re6 30. c7 Rc6 31. Kf2 Re7 1/2-1/2

[Event "ZMDI-Open 2013"]
[Site "Dresden"]
[Date "2013.08.11"]
[Round "2"]
[White "Paul, J."]
[Black "Bryzgalin, K."]
[Result "1/2-1/2"]
[WhiteElo "2238"]
[BlackElo "2465"]
[PlyCount "67"]
[EventDate "2013.??.??"]

1. c4 e5 2. g3 Nf6 3. Bg2 d5 4. cxd5 Nxd5 5. Nc3 Nb6 6. Nf3 Nc6 7. O-O Be7 8.
a3 a5 9. d3 O-O 10. Be3 Ra6 11. Rc1 Re8 12. Ne4 Nd5 13. Bc5 h6 14. Qc2 Bxc5 15.
Nxc5 Ra7 16. e3 Nf6 17. Rfd1 Qe7 18. h3 Nd8 19. d4 exd4 20. Nxd4 c6 21. Rd2 Ne6
22. Ndxe6 Bxe6 23. e4 Nd7 24. Nd3 a4 25. Qc3 Raa8 26. f4 Rad8 27. Qa5 Bb3 28.
e5 Nf8 29. Re1 Rd4 30. Nf2 Rxd2 31. Qxd2 Rd8 32. Qc3 Ne6 33. Ne4 Rd7 34. Nd6
1/2-1/2

[Event "ZMDI-Open 2013"]
[Site "Dresden"]
[Date "2013.08.11"]
[Round "2"]
[White "Farago, I."]
[Black "Sobolevsky, L."]
[Result "1-0"]
[WhiteElo "2465"]
[BlackElo "2182"]
[PlyCount "74"]
[EventDate "2013.??.??"]

1. d4 Nf6 2. c4 e6 3. Nf3 Nc6 4. g3 Bb4+ 5. Bd2 a5 6. Bg2 d5 7. a3 Bxd2+ 8.
Nbxd2 O-O 9. O-O Re8 10. Rc1 e5 11. dxe5 Nxe5 12. Nxe5 Rxe5 13. cxd5 Bg4 14.
Re1 Qe7 15. f3 Rxd5 16. e4 Rd3 17. fxg4 Qd7 18. Rc2 Rd8 19. Re2 Nxg4 20. Qe1
Qd4+ 21. Kh1 c6 22. Nf1 Qb6 23. h3 Ne5 24. Red2 h5 25. Rxd3 Nxd3 26. Qe3 Qb3
27. Qd2 c5 28. e5 a4 29. Bf3 b5 30. Bxh5 Rd4 31. Qe2 b4 32. axb4 cxb4 33. Qe4
a3 34. bxa3 bxa3 35. Qxd3 a2 36. Rxa2 Rxd3 37. Ra8+ Kh7 1-0

[Event "ZMDI-Open 2013"]
[Site "Dresden"]
[Date "2013.08.11"]
[Round "2"]
[White "Chlost, M."]
[Black "Seres, L."]
[Result "1/2-1/2"]
[WhiteElo "2183"]
[BlackElo "2442"]
[PlyCount "77"]
[EventDate "2013.??.??"]

1. e4 c5 2. Nf3 e6 3. d4 cxd4 4. Nxd4 a6 5. Nc3 Qc7 6. Be2 b5 7. Bf3 Bb7 8. O-O
d6 9. Re1 Nd7 10. g3 Ngf6 11. a3 Be7 12. Bg2 O-O 13. h3 Rfe8 14. Qe2 Bf8 15. g4
Nb6 16. Nb3 Rac8 17. Na5 Ba8 18. Bd2 Nfd7 19. a4 b4 20. Na2 Nxa4 21. Nxb4 Qxa5
22. b3 Qb6 23. Rxa4 a5 24. Be3 Nc5 25. Nd3 Bc6 26. Nxc5 dxc5 27. Ra2 Ra8 28.
Rea1 Ra7 29. e5 Bxg2 30. Kxg2 Rea8 31. Ra4 Be7 32. Rd1 h6 33. Qf3 Qc7 34. Qe4
Rb8 35. Rda1 Rb4 36. Rxb4 axb4 37. Rxa7 Qxa7 38. Qc6 Bf8 39. Qc8 1/2-1/2

[Event "ZMDI-Open 2013"]
[Site "Dresden"]
[Date "2013.08.11"]
[Round "2"]
[White "Vrublevskaya, Olga"]
[Black "Gutman, Lev"]
[Result "0-1"]
[WhiteElo "2176"]
[BlackElo "2441"]
[PlyCount "102"]
[EventDate "2013.??.??"]

1. c4 Nf6 2. Nc3 g6 3. e4 Bg7 4. d4 O-O 5. Be2 c6 6. Nf3 a6 7. e5 Ne8 8. O-O d6
9. h3 b5 10. Bf4 Nd7 11. Qd2 dxe5 12. dxe5 Nc7 13. Rad1 Ne6 14. Bh6 Qc7 15.
Bxg7 Kxg7 16. Qe3 b4 17. Na4 c5 18. Bd3 Rb8 19. Rde1 Rd8 20. b3 Ndf8 21. Rd1
Nd4 22. Be4 Nfe6 23. Rd2 Nxf3+ 24. Bxf3 Rxd2 25. Qxd2 Nd4 26. Bg4 Bd7 27. Nb2
Bf5 28. Qf4 Be6 29. Bxe6 Nxe6 30. Qe4 Rd8 31. Rd1 Rxd1+ 32. Nxd1 Qa5 33. Qb1
Qd8 34. Qc2 Qd4 35. Nb2 Qxe5 36. Nd3 Qe4 37. Qd2 f6 38. Kf1 Kf7 39. Qe2 Qd4 40.
g3 a5 41. Kg2 Ng5 42. Qe3 Qxe3 43. fxe3 Ne4 44. Kf3 f5 45. Ne5+ Ke6 46. Nc6 Kd6
47. Na7 Nc3 48. Nb5+ Nxb5 49. cxb5 c4 50. bxc4 a4 51. Ke2 b3 0-1

[Event "ZMDI-Open 2013"]
[Site "Dresden"]
[Date "2013.08.11"]
[Round "2"]
[White "Budzyn, M."]
[Black "Dann, M."]
[Result "0-1"]
[WhiteElo "2167"]
[BlackElo "2434"]
[PlyCount "54"]
[EventDate "2013.??.??"]

1. e4 e6 2. d4 d5 3. e5 c5 4. c3 Nc6 5. Nf3 Bd7 6. Be2 f6 7. O-O fxe5 8. Nxe5
Nxe5 9. dxe5 Qc7 10. Re1 O-O-O 11. c4 d4 12. Bf4 Bc6 13. Bf3 Be7 14. Nd2 g5 15.
Bxc6 Qxc6 16. Bg3 h5 17. h3 g4 18. hxg4 hxg4 19. Qxg4 Nh6 20. Qe4 Qe8 21. Nf3
Qh5 22. Rad1 Nf5 23. Bh2 Rdg8 24. Rd3 Rg4 25. Qe2 Nh4 26. Kf1 Nxg2 27. Ng1 Nf4
0-1

[Event "ZMDI-Open 2013"]
[Site "Dresden"]
[Date "2013.08.11"]
[Round "2"]
[White "Fraczek, D."]
[Black "Bösch, D."]
[Result "1-0"]
[WhiteElo "2422"]
[BlackElo "2077"]
[PlyCount "107"]
[EventDate "2013.??.??"]

1. Nf3 Nf6 2. c4 c6 3. d4 d5 4. Qc2 g6 5. Bf4 Bg7 6. e3 O-O 7. Nc3 Na6 8. Be2
c5 9. dxc5 Qa5 10. O-O dxc4 11. Bxc4 Nxc5 12. a3 Bf5 13. Qe2 Nfe4 14. Nb5 Rac8
15. Rac1 e6 16. h3 h5 17. Be5 a6 18. Nbd4 Nd7 19. Bxg7 Kxg7 20. Rfd1 Ndf6 21.
Ba2 Rxc1 22. Rxc1 Rd8 23. Rd1 Nd6 24. Nb3 Qb6 25. Qd2 Nfe4 26. Qd4+ Qxd4 27.
Nfxd4 Kg8 28. f3 Ng3 29. Kh2 h4 30. e4 Bxe4 31. fxe4 Ndxe4 32. Re1 Nf2 33. Nf3
Nf5 34. Bb1 Nd1 35. Bxf5 gxf5 36. Re2 f4 37. Re4 Ne3 38. Rxf4 Rd1 39. Nfd2 a5
40. a4 Nf5 41. Rf1 Ne3 42. Rxd1 Nxd1 43. Nc4 b6 44. Nxb6 Nxb2 45. Nxa5 Nd3 46.
Nc6 Nc5 47. a5 Na6 48. Nd7 Kg7 49. Ndb8 Nc5 50. a6 Nxa6 51. Nxa6 Kf6 52. Nc5
Kf5 53. Kg1 f6 54. Nd4+ 1-0

[Event "ZMDI-Open 2013"]
[Site "Dresden"]
[Date "2013.08.11"]
[Round "2"]
[White "Rozov, B."]
[Black "Donchenko, A."]
[Result "0-1"]
[WhiteElo "2152"]
[BlackElo "2364"]
[PlyCount "68"]
[EventDate "2013.??.??"]

1. d4 d5 2. Nc3 c6 3. Nf3 Bf5 4. Nh4 Bc8 5. Nf3 Bf5 6. Nh4 Bg6 7. Nxg6 hxg6 8.
e4 e6 9. Bf4 Bd6 10. Qd2 Bxf4 11. Qxf4 Nf6 12. Bd3 dxe4 13. Nxe4 Nxe4 14. Qxe4
Nd7 15. c4 Qa5+ 16. Kf1 Nf6 17. Qf4 Rd8 18. Be2 Qb6 19. Rd1 Qxb2 20. a4 Ke7 21.
h4 Qc2 22. a5 Rd7 23. Rh3 Rhd8 24. Qe3 Kf8 25. Kg1 Qf5 26. Qa3+ Kg8 27. Rhd3 a6
28. g3 g5 29. hxg5 Qxg5 30. Qb4 Ng4 31. d5 Ne5 32. Re3 cxd5 33. f4 Nc6 34. Qe1
Qf6 0-1

[Event "ZMDI-Open 2013"]
[Site "Dresden"]
[Date "2013.08.11"]
[Round "2"]
[White "Kieslich, A."]
[Black "Zwahr, P."]
[Result "1/2-1/2"]
[WhiteElo "2011"]
[BlackElo "2363"]
[PlyCount "81"]
[EventDate "2013.??.??"]

1. d4 Nf6 2. c4 g6 3. Nc3 Bg7 4. e4 d6 5. f3 O-O 6. Be3 c5 7. d5 e6 8. Nge2 a6
9. a4 exd5 10. cxd5 Nbd7 11. Ng3 Ne5 12. Be2 Bd7 13. h3 b5 14. f4 Nc4 15. Bxc4
bxc4 16. O-O Rb8 17. Rb1 Re8 18. e5 Rb3 19. Qd2 dxe5 20. f5 e4 21. fxg6 fxg6
22. Bg5 Qb8 23. Bxf6 Qxg3 24. d6 Bf8 25. Qd5+ Re6 26. Be7 Rb8 27. Rf6 Qe5 28.
Rbf1 Bg7 29. Rxe6 Qxd5 30. Nxd5 Bd4+ 31. Kh1 Bxe6 32. Nf6+ Bxf6 33. Bxf6 Rf8
34. Kg1 Bd7 35. a5 Bb5 36. Bc3 Rxf1+ 37. Kxf1 Kf7 38. Kf2 Ke6 39. Ke3 Bc6 40.
g3 Kxd6 41. h4 1/2-1/2

[Event "ZMDI-Open 2013"]
[Site "Dresden"]
[Date "2013.08.11"]
[Round "2"]
[White "Wichmann, C."]
[Black "Schnoor, E."]
[Result "1-0"]
[WhiteElo "2360"]
[BlackElo "2059"]
[PlyCount "45"]
[EventDate "2013.??.??"]

1. d4 Nf6 2. c4 b6 3. Nc3 Bb7 4. Nf3 d5 5. cxd5 Nxd5 6. Ne5 e6 7. Qa4+ c6 8. e4
Nxc3 9. bxc3 Be7 10. Bd3 O-O 11. O-O c5 12. Be3 Qc7 13. Qd1 Nc6 14. Nxc6 Qxc6
15. Qg4 f5 16. exf5 exf5 17. Qh3 cxd4 18. Bxd4 Rae8 19. Rab1 Rd8 20. Rfe1 Bc5
21. Bc4+ Kh8 22. Re6 Rd6 23. Bxg7+ 1-0

[Event "ZMDI-Open 2013"]
[Site "Dresden"]
[Date "2013.08.11"]
[Round "2"]
[White "Vorobiov, E."]
[Black "Hentze, M."]
[Result "1-0"]
[WhiteElo "2594"]
[BlackElo "2106"]
[PlyCount "74"]
[EventDate "2013.??.??"]

1. Nf3 Nf6 2. g3 g6 3. c4 c6 4. b3 Bg7 5. Bb2 O-O 6. Bg2 d5 7. O-O Re8 8. d4
Bf5 9. Nc3 Ne4 10. e3 Nxc3 11. Bxc3 Be4 12. Qe2 Nd7 13. Rfd1 e6 14. Bf1 Bxf3
15. Qxf3 f5 16. Rac1 Nf6 17. b4 Ne4 18. Be1 a6 19. a4 Qf6 20. Rc2 g5 21. cxd5
exd5 22. b5 axb5 23. axb5 Re6 24. bxc6 bxc6 25. Bg2 Qg6 26. Rdc1 g4 27. Qe2 Rf8
28. Qa6 Rff6 29. Rb2 Bf8 30. Rb8 Rd6 31. Qa8 Rf7 32. Bb4 Rdf6 33. Rxc6 Rxc6 34.
Rxf8+ Kg7 35. Rg8+ Kh6 36. Rxg6+ Rxg6 37. Bxe4 dxe4 1-0

[Event "ZMDI-Open 2013"]
[Site "Dresden"]
[Date "2013.08.11"]
[Round "2"]
[White "Maiwald, J."]
[Black "Humburg, P."]
[Result "1-0"]
[WhiteElo "2468"]
[BlackElo "2054"]
[PlyCount "89"]
[EventDate "2013.??.??"]

1. e4 e5 2. Bc4 Nf6 3. d3 Nc6 4. Nf3 Bc5 5. c3 O-O 6. b4 Bb6 7. Bg5 h6 8. Bh4
d6 9. Nbd2 Be6 10. O-O a6 11. Re1 Ba7 12. a4 Qe7 13. Qb3 Bxc4 14. Nxc4 Qe6 15.
b5 Ne7 16. Bxf6 Qxf6 17. a5 axb5 18. Qxb5 Rab8 19. Qd7 Rfc8 20. Reb1 Qe6 21.
Qxe6 fxe6 22. Rb5 Nc6 23. Rab1 Nd8 24. Kf1 Kf7 25. Ke2 Ke7 26. g3 Ra8 27. h4
Bb8 28. d4 exd4 29. Nxd4 Ra6 30. g4 c6 31. Rxb7+ Nxb7 32. Rxb7+ Kf6 33. Nb6 Rc7
34. Rxb8 Rxa5 35. Nc4 Ra2+ 36. Ke3 Ke7 37. e5 dxe5 38. Nxe5 Kd6 39. f4 g5 40.
Rd8+ Ke7 41. Nexc6+ Kf7 42. hxg5 hxg5 43. fxg5 Ra6 44. Rd6 Kg8 45. Rxe6 1-0

[Event "ZMDI-Open 2013"]
[Site "Dresden"]
[Date "2013.08.11"]
[Round "2"]
[White "Siedentopf, D."]
[Black "Salewski, B."]
[Result "1-0"]
[WhiteElo "2311"]
[BlackElo "2020"]
[PlyCount "89"]
[EventDate "2013.??.??"]

1. d4 f5 2. g3 Nf6 3. Bg2 e6 4. Nf3 d5 5. c4 Bb4+ 6. Nc3 c6 7. O-O O-O 8. a3
Be7 9. b4 dxc4 10. Ne5 Nd5 11. Qc2 a5 12. e4 Nf6 13. b5 Qxd4 14. Bf4 fxe4 15.
Rfd1 Qc5 16. Na4 Qxb5 17. Rab1 Qa6 18. Nb6 Bxa3 19. Nexc4 Bb4 20. Bd6 Bxd6 21.
Nxd6 Bd7 22. Nxa8 Qxa8 23. Nxb7 e5 24. Nd6 Bg4 25. Qc4+ Nd5 26. Rdc1 Qa7 27.
Nxe4 Be6 28. Nc5 Bf7 29. Rb7 Qa8 30. Qe2 Nb4 31. Re7 N8a6 32. Nxa6 Qxa6 33.
Qxa6 Nxa6 34. Rxe5 c5 35. Bf1 Nb4 36. Rexc5 a4 37. Ra5 Bb3 38. Bc4+ Kh8 39.
Bxb3 axb3 40. Rb1 Nd3 41. Rxb3 Nc1 42. Re3 h6 43. Rc5 Na2 44. Rc4 Rd8 45. Kg2
1-0

[Event "ZMDI-Open 2013"]
[Site "Dresden"]
[Date "2013.08.11"]
[Round "2"]
[White "Müller-Dehn, C."]
[Black "Müller, M."]
[Result "1-0"]
[WhiteElo "2181"]
[BlackElo "2264"]
[PlyCount "103"]
[EventDate "2013.??.??"]

1. d4 d5 2. c4 c6 3. Nc3 Nf6 4. e3 Bf5 5. cxd5 Nxd5 6. Bc4 Nxc3 7. bxc3 e6 8.
Ne2 Bd6 9. O-O Nd7 10. f4 Nf6 11. Ng3 Qa5 12. Bd2 O-O 13. Qf3 Bg4 14. Qf2 h5
15. Bd3 h4 16. Ne4 Nxe4 17. Bxe4 Qh5 18. h3 Be2 19. Rfb1 Rab8 20. a4 f5 21. Bc2
g5 22. a5 Rf7 23. Ra2 Re8 24. Bc1 Bc4 25. Raa1 Rg7 26. Ba3 Bb8 27. Rb4 Ba6 28.
c4 gxf4 29. exf4 Rg3 30. Bc1 Re7 31. Ra3 Reg7 32. Rxg3 Rxg3 33. Be3 Bd6 34. Ra4
Qg6 35. Kh2 Qh6 36. Kh1 Kf7 37. Bd3 Qf6 38. Ra2 Qd8 39. Qd2 Bb4 40. Qe2 Bc3 41.
Bf2 Rg6 42. Qh5 Bxd4 43. Bxh4 Qh8 44. Be2 Qg7 45. Bd3 Kg8 46. Bg5 Bf6 47. h4
Bxg5 48. hxg5 Qf7 49. g4 Rg7 50. Qxf7+ Rxf7 51. gxf5 Rd7 52. Ra3 1-0

[Event "ZMDI-Open 2013"]
[Site "Dresden"]
[Date "2013.08.11"]
[Round "2"]
[White "Scharff, K."]
[Black "Baskin, R."]
[Result "0-1"]
[WhiteElo "2013"]
[BlackElo "2138"]
[PlyCount "58"]
[EventDate "2013.??.??"]

1. d3 d6 2. e3 g6 3. f4 Bg7 4. Nf3 c5 5. Be2 Nc6 6. O-O e5 7. e4 Nge7 8. c3 O-O
9. Be3 b6 10. Qc1 Ba6 11. c4 f5 12. Nc3 Nd4 13. Bd1 fxe4 14. Nxe4 Nef5 15. Bd2
d5 16. Neg5 h6 17. Nh3 e4 18. dxe4 dxe4 19. Ne5 Qd6 20. Re1 Bb7 21. Nf2 e3 22.
Bxe3 Bxe5 23. fxe5 Qc6 24. Bf3 Nxf3+ 25. gxf3 Qxf3 26. Kf1 Qg2+ 27. Ke2 Rad8
28. Rf1 Qf3+ 29. Ke1 Nxe3 0-1

[Event "ZMDI-Open 2013"]
[Site "Dresden"]
[Date "2013.08.11"]
[Round "2"]
[White "Sergeev, V."]
[Black "Sturm, T."]
[Result "1/2-1/2"]
[WhiteElo "2432"]
[BlackElo "2030"]
[PlyCount "82"]
[EventDate "2013.??.??"]

1. Nf3 Nf6 2. d4 d5 3. c4 e6 4. Bg5 Be7 5. Nc3 O-O 6. Qc2 b6 7. e3 Bb7 8. Bxf6
Bxf6 9. cxd5 exd5 10. Bd3 g6 11. b4 c5 12. b5 cxd4 13. Nxd4 Bxd4 14. exd4 Nd7
15. O-O Qf6 16. Rfd1 Rfc8 17. Bf1 Qd6 18. Qb3 Nf6 19. Rac1 Ne4 20. Nxe4 dxe4
21. Rxc8+ Rxc8 22. Qa4 Bd5 23. a3 Rc3 24. Ra1 Qe7 25. Qb4 Qxb4 26. axb4 Rb3 27.
Rxa7 Rxb4 28. Rd7 Rxd4 29. Be2 Rd2 30. g4 Rxe2 31. Rxd5 e3 32. fxe3 Rxe3 33.
Kf2 Re6 34. Kf3 Kf8 35. g5 Ke7 36. Kf4 f6 37. h3 f5 38. Rd4 Re1 39. Rc4 Kd7 40.
Ra4 Kd6 41. Rd4+ Ke7 1/2-1/2

[Event "ZMDI-Open 2013"]
[Site "Dresden"]
[Date "2013.08.11"]
[Round "2"]
[White "Efroimski, M."]
[Black "Vogel, R."]
[Result "0-1"]
[WhiteElo "2306"]
[BlackElo "2072"]
[PlyCount "88"]
[EventDate "2013.??.??"]

1. e4 d6 2. d4 Nf6 3. Nc3 g6 4. g3 Bg7 5. Bg2 O-O 6. Nge2 Nc6 7. h3 e5 8. Be3
exd4 9. Nxd4 Bd7 10. O-O Re8 11. Kh2 a6 12. a4 h5 13. Nde2 Rb8 14. Qc1 Qc8 15.
Nf4 Ne5 16. Nfd5 Bc6 17. Bh6 Nfg4+ 18. hxg4 Nxg4+ 19. Kg1 Bxh6 20. f4 Qd8 21.
Qd1 Bxd5 22. Nxd5 c6 23. Nc3 Ne3 24. Qf3 Nxf1 25. Rxf1 Qf6 26. e5 dxe5 27. Ne4
Qe7 28. f5 Rf8 29. g4 Qh4 30. gxh5 Bf4 31. Bh3 gxf5 32. Nd6 Kh8 33. Kh1 Qf6 34.
Nxf5 Rg8 35. Qe2 Qg5 36. Nd6 Rbf8 37. Ne4 Qh4 38. Rf3 Rd8 39. Nf2 f6 40. Nd3 e4
41. Nxf4 exf3 42. Qxf3 Qe1+ 43. Bf1 Rd1 44. Ng6+ Rxg6 0-1

[Event "ZMDI-Open 2013"]
[Site "Dresden"]
[Date "2013.08.11"]
[Round "2"]
[White "Mager, D."]
[Black "Schöne, M."]
[Result "1-0"]
[WhiteElo "2006"]
[BlackElo "2240"]
[PlyCount "67"]
[EventDate "2013.??.??"]

1. d4 Nf6 2. c4 g6 3. Nc3 Bg7 4. e4 d6 5. f4 O-O 6. Nf3 c5 7. d5 b5 8. cxb5 a6
9. a4 Bb7 10. Ra3 Nfd7 11. Bd2 axb5 12. axb5 Nb6 13. Bd3 N8d7 14. O-O Qc7 15.
Kh1 c4 16. Bc2 Nc5 17. Rxa8 Rxa8 18. Be3 Nd3 19. Bxd3 cxd3 20. Bxb6 Qxb6 21.
Qxd3 Bc8 22. e5 Bd7 23. Re1 Qb8 24. h3 Ra5 25. b4 Bxb5 26. Qe4 Ra8 27. Nd4 Bd7
28. Nc6 Qe8 29. Nb5 Bxc6 30. dxc6 Rb8 31. exd6 Rxb5 32. d7 Qd8 33. Qxe7 Bf6 34.
Qxd8+ 1-0

[Event "ZMDI-Open 2013"]
[Site "Dresden"]
[Date "2013.08.11"]
[Round "2"]
[White "Scherer, F."]
[Black "Böttger, L."]
[Result "0-1"]
[WhiteElo "2072"]
[BlackElo "2240"]
[PlyCount "64"]
[EventDate "2013.??.??"]

1. e4 c5 2. Nf3 d6 3. d4 cxd4 4. Nxd4 Nf6 5. Nc3 a6 6. Be3 e6 7. f3 b5 8. g4
Nfd7 9. Qd2 Nb6 10. Bd3 N8d7 11. O-O-O Bb7 12. h4 Rc8 13. Kb1 Ne5 14. g5 Nbc4
15. Bxc4 Nxc4 16. Qf2 Qc7 17. Bc1 b4 18. Nce2 e5 19. Nf5 d5 20. Neg3 g6 21. Nh6
Bxh6 22. gxh6 dxe4 23. fxe4 f5 24. exf5 Bxh1 25. fxg6 hxg6 26. Qf6 Na3+ 27.
bxa3 Qxc2+ 28. Ka1 Qxd1 29. Qxh8+ Kd7 30. Qg7+ Kc6 31. Qf6+ Kb7 32. Qe7+ Ka8
0-1

[Event "ZMDI-Open 2013"]
[Site "Dresden"]
[Date "2013.08.11"]
[Round "2"]
[White "Jürgens, K."]
[Black "Zimmermann, C."]
[Result "1-0"]
[WhiteElo "2148"]
[BlackElo "2045"]
[PlyCount "79"]
[EventDate "2013.??.??"]

1. Nf3 Nf6 2. c4 g6 3. Nc3 d5 4. Qa4+ c6 5. cxd5 Nxd5 6. Nxd5 Qxd5 7. e4 Qd8 8.
d4 Bg7 9. Be3 O-O 10. Rd1 Nd7 11. h3 Qe8 12. Qc2 Nb6 13. a4 f5 14. exf5 Bxf5
15. Bd3 e6 16. O-O Bxh3 17. Ng5 Bf5 18. Qb3 Kh8 19. a5 Nd5 20. Qxb7 h6 21. Ne4
Rf7 22. Qb3 Rb8 23. Qa3 Bf8 24. Nc5 Rfb7 25. Bc1 g5 26. Bxf5 exf5 27. Qh3 Bxc5
28. dxc5 Qg6 29. Rfe1 Rb5 30. Re5 Rf8 31. Rde1 Rxc5 32. Qa3 Qd6 33. Re6 Qxe6
34. Rxe6 Rxc1+ 35. Kh2 Kg7 36. Qd6 Nf6 37. Re7+ Kg6 38. f3 f4 39. Qd3+ Kh5 40.
Rg7 1-0

[Event "ZMDI-Open 2013"]
[Site "Dresden"]
[Date "2013.08.11"]
[Round "2"]
[White "Grohde, W."]
[Black "Sponheim, M."]
[Result "1-0"]
[WhiteElo "2141"]
[BlackElo "2073"]
[PlyCount "87"]
[EventDate "2013.??.??"]

1. d4 Nf6 2. c4 c5 3. d5 b5 4. cxb5 a6 5. b6 d6 6. Nc3 Nbd7 7. a4 Qxb6 8. e4 g6
9. Nf3 Bg7 10. Nd2 O-O 11. Be2 Rb8 12. O-O Ne5 13. Kh1 g5 14. Ra3 Qc7 15. Nc4
Nxc4 16. Bxc4 Rb4 17. Qe2 Qb7 18. Na2 h6 19. Nxb4 cxb4 20. Rg3 Nd7 21. f4 f6
22. b3 Nc5 23. Bb2 e5 24. dxe6 Bxe6 25. Bxe6+ Nxe6 26. fxg5 Nxg5 27. Re3 Kh8
28. Qg4 Qe7 29. Qf5 Qa7 30. Re2 Qf7 31. Qd5 Qc7 32. Rc1 Qb8 33. Rc6 Re8 34. h4
Ne6 35. Rf2 Nc5 36. Bxf6 Bxf6 37. Rxf6 Nxe4 38. Rxh6+ Kg7 39. Re6 Ng3+ 40. Kh2
Nf1+ 41. Kh3 Rxe6 42. Qxe6 d5 43. Qg4+ Kh7 44. Qf5+ 1-0

[Event "ZMDI-Open 2013"]
[Site "Dresden"]
[Date "2013.08.11"]
[Round "2"]
[White "Pallas, S."]
[Black "Hansch, K."]
[Result "1-0"]
[WhiteElo "1903"]
[BlackElo "2141"]
[PlyCount "79"]
[EventDate "2013.??.??"]

1. e4 c5 2. Nf3 d6 3. d4 cxd4 4. Nxd4 Nf6 5. Nc3 a6 6. Bg5 Nbd7 7. f4 Qc7 8.
Be2 h6 9. Bh4 e6 10. O-O Be7 11. Bf3 Nxe4 12. Bxe4 Bxh4 13. Nxe6 Qb6+ 14. Kh1
fxe6 15. Qh5+ Kd8 16. Qxh4+ Nf6 17. Rad1 Kc7 18. Qg3 Bd7 19. Qxg7 Raf8 20. f5
Rhg8 21. Qe7 Nxe4 22. Nxe4 exf5 23. Nf6 Rxf6 24. Qxf6 Re8 25. Rf3 Re6 26. Qg7
Qb5 27. h3 Qe2 28. Rdd3 Re7 29. Qxh6 Qe1+ 30. Kh2 Qe5+ 31. Qf4 Qf6 32. Rc3+ Kb8
33. Rfd3 Re6 34. Rd5 Re5 35. Rcd3 Kc7 36. Rxd6 Qxd6 37. Rxd6 Kxd6 38. h4 Bc6
39. h5 Ke6 40. h6 1-0

[Event "ZMDI-Open 2013"]
[Site "Dresden"]
[Date "2013.08.11"]
[Round "2"]
[White "Günnigmann, M."]
[Black "Kempen, W."]
[Result "1-0"]
[WhiteElo "2140"]
[BlackElo "2059"]
[PlyCount "77"]
[EventDate "2013.??.??"]

1. e4 e5 2. Nf3 Nc6 3. Bb5 a6 4. Ba4 Nf6 5. O-O Be7 6. Re1 b5 7. Bb3 d6 8. c3
O-O 9. d4 Bg4 10. d5 Na5 11. Bc2 c6 12. h3 Bh5 13. dxc6 Qc7 14. Nbd2 Nxc6 15.
Nf1 b4 16. Ng3 Bg6 17. Bd2 a5 18. Rc1 bxc3 19. Bxc3 Qb6 20. Nd2 Nb4 21. Bb1 Qa6
22. Qf3 Rfd8 23. a3 Rab8 24. Ndf1 Nc6 25. Ne3 Bf8 26. Ngf5 Bxf5 27. Nxf5 g6 28.
Ne3 Bg7 29. Ba2 Nd4 30. Bxd4 exd4 31. Ng4 Nxg4 32. Qxf7+ Kh8 33. Rc7 Rg8 34.
hxg4 d3 35. Rd1 Qb6 36. Rd2 Rbf8 37. Qd7 Rxf2 38. Rxf2 d2 39. Qxg7+ 1-0

[Event "ZMDI-Open 2013"]
[Site "Dresden"]
[Date "2013.08.11"]
[Round "2"]
[White "Brendel, B."]
[Black "Richter, L."]
[Result "0-1"]
[WhiteElo "2033"]
[BlackElo "2020"]
[PlyCount "68"]
[EventDate "2013.??.??"]

1. e4 c5 2. Nf3 d6 3. d4 cxd4 4. Nxd4 Nf6 5. Nc3 a6 6. Bg5 e6 7. f4 Nbd7 8. Qe2
Be7 9. O-O-O Qc7 10. g4 b5 11. a3 Bb7 12. Bg2 O-O 13. Bxf6 Nxf6 14. g5 Nd7 15.
g6 hxg6 16. h4 d5 17. e5 Bxa3 18. Rh3 Bc5 19. h5 Bxd4 20. Rxd4 Rfc8 21. Qg4 Nf8
22. h6 Nd7 23. Rh2 gxh6 24. f5 exf5 25. Qh4 Qxe5 26. Bxd5 Bxd5 27. Nxd5 Re8 28.
Rd1 h5 29. Rg2 Rac8 30. Kb1 Qe4 31. Nf4 Ne5 32. Re2 Nf3 33. Qg3 h4 34. Rxe4
hxg3 0-1

[Event "ZMDI-Open 2013"]
[Site "Dresden"]
[Date "2013.08.11"]
[Round "2"]
[White "Niegsch, N."]
[Black "Urban, L."]
[Result "0-1"]
[WhiteElo "2004"]
[BlackElo "2127"]
[PlyCount "73"]
[EventDate "2013.??.??"]

1. e4 e6 2. d4 d5 3. Nc3 Nf6 4. e5 Nfd7 5. Nf3 c5 6. dxc5 Nc6 7. Bf4 Bxc5 8.
Bd3 f6 9. exf6 Qxf6 10. Bg3 O-O 11. Qe2 Nd4 12. Nxd4 Bxd4 13. O-O-O Bxc3 14.
bxc3 Nc5 15. Be5 Nxd3+ 16. Rxd3 Qxf2 17. Qg4 g6 18. h4 Qf5 19. Qd4 Qe4 20. h5
Qxd4 21. cxd4 g5 22. h6 Bd7 23. Rg3 Rf5 24. Rh5 Be8 25. Rhxg5+ Rxg5 26. Rxg5+
Bg6 27. Rg3 Rc8 28. c3 Rf8 29. Kb2 Rf2+ 30. Kb3 Kf7 31. a4 Rf1 32. Kb4 Rb1+ 33.
Kc5 Rb6 34. Rf3+ Ke7 35. Bf6+ Kd7 36. Rg3 Rb1 37. Rxg6 0-1

[Event "ZMDI-Open 2013"]
[Site "Dresden"]
[Date "2013.08.11"]
[Round "2"]
[White "Hansch, T."]
[Black "Wilhelm, T."]
[Result "1/2-1/2"]
[WhiteElo "2116"]
[BlackElo "2013"]
[PlyCount "61"]
[EventDate "2013.??.??"]

1. d4 Nf6 2. c4 g6 3. Nc3 Bg7 4. e4 O-O 5. Be3 d6 6. f3 c5 7. Nge2 Nc6 8. d5
Ne5 9. Ng3 h5 10. h4 e6 11. Qd2 exd5 12. exd5 a6 13. Be2 Rb8 14. Bg5 Qc7 15.
O-O Bd7 16. Nce4 Nxe4 17. Nxe4 f5 18. Nf2 b5 19. Bh6 bxc4 20. Bxg7 Kxg7 21. f4
Nd3 22. Nxd3 cxd3 23. Bxd3 Bb5 24. Rfe1 c4 25. Bf1 Qc5+ 26. Kh2 c3 27. bxc3
Bxf1 28. Rxf1 Rbc8 29. Rae1 Qxc3 30. Qe2 Qf6 31. Qb2 1/2-1/2